000
00313nam a2200121Ia 4500
008
180219s9999 xx 000 0 und d
020
_a
781761506
100
_a
Muscari, Mary E.
245
_a
Pediatric Nursing /
250
_a
3rd ed
260
_a
San Juan City
_b
C & E publishing
_c
2001
300
_a
vii, 414 pages
999
_c
355962
_d
355962